Vista normal
Vista MARC
Entrada Nombre personal
Número de registros utilizados en: 1
001 - CONTROL NUMBER
- control field: 89739
003 - CONTROL NUMBER IDENTIFIER
- control field: OSt
005 - DATE AND TIME OF LATEST TRANSACTION
- control field: 20201025131942.0
008 - FIXED-LENGTH DATA ELEMENTS
- fixed length control field: 201025|| aca||aabn | a|a d
040 ## - CATALOGING SOURCE
- Original cataloging agency: OSt
- Transcribing agency: OSt
100 ## - HEADING--PERSONAL NAME
- Personal name: Pineda Gonzalez, Jose A.
670 ## - SOURCE DATA FOUND
- Source citation: Work cat.: (OSt): Pineda Gonzalez, Jose A., La vereda Tocogua de Diutama en el departamento de Boyaca, un modelo de desarrollo integral para el siglo XXI, mediante un enfoque de administracion publica participativa, 1999.

